Detalles MARC
| 000 -LIDER |
| fixed length control field |
01083nam a22002657a 4500 |
| 003 - IDENTIFICACDOR DE NÚMERO DE CONTROL |
| control field |
DO-SdBNP |
| 005 - DATE AND TIME OF LATEST TRANSACTION |
| control field |
20180226111705.0 |
| 008 - ELEMENTOS DE LONGITUD FIJA |
| fixed length control field |
161107b 1977 sp a 00| 0 spa d |
| 020 ## - ISBN |
| International Standard Book Number |
847374036X |
| 040 ## - FUENTE DE CATALOGACIÓN |
| Agencia que crea de manera original el registro |
BPMSU |
| Idioma de catalogación |
spa |
| Agencia que realiza la transcripción |
BPMSU |
| 082 #4 - NÚMERO DE CLASIFICACIÓN DECIMAL DE DEWEY |
| Classification number |
930 |
| Item number |
H673i |
| 100 1# - ASIENTO PRINCIPAL -- NOMBRE PERSONAL |
| Nombre personal |
Millard, Anne |
| 245 10 - MENCIÓN DE TITULO |
| Título |
Historia ilustrada del mundo para niños / |
| Mención de responsabilidad |
Anne Millard ; ilustrado por Joseph McEwan |
| 260 ## - PUBLICACIÓN, DISTRIBUCIÓN, ETC. (PIE DE IMPRENTA) |
| Lugar de publicación, distribución, etc |
Madrid : |
| Nombre del editor, distribuidor, etc. |
Plesa , |
| Fecha de publicación, distribución, etc |
1977 |
| 300 ## - DESCRIPCIÓN FÍSICA |
| Extensión |
32 p. : |
| Otros detalles físicos |
il. ; |
| Dimensiones |
28 cm. |
| 505 0# - NOTA DE CONTENIDO |
| Información miscelánea |
v. 1. |
| Título |
Las primeras civilizaciones / |
| Mención de responsabilidad |
Anne Millard |
| Información miscelánea |
v.2. |
| Título |
Guerreros y navegantes / Anne Millard |
| Mención de responsabilidad |
Anne Millard -- |
| Información miscelánea |
v.3. |
| Título |
Imperios y bárbaros / |
| Mención de responsabilidad |
Patricia Vanags -- |
| Información miscelánea |
v.4. |
| Título |
Cruzadas, Aztecas, Zamurais / |
| Mención de responsabilidad |
Anne Millard -- |
| Información miscelánea |
v.5. |
| Título |
Descubrimientos y exploraciones / |
| Mención de responsabilidad |
Anne Millard -- |
| Información miscelánea |
v.6. |
| Título |
La época de las revoluciones / |
| Mención de responsabilidad |
Anne Millard |
| 650 #4 - ENCABEZAMIENTO DE MATERIA--TEMÁTICO |
| Término temático o nombre geográfico como elemento de entrada |
HISTORIA ANTIGUA |
| 650 #4 - ENCABEZAMIENTO DE MATERIA--TEMÁTICO |
| Término temático o nombre geográfico como elemento de entrada |
CIVILIZACIÓN ANTIGUA |
| 700 12 - ASIENTO SECUNDARIO -- NOMBRE PERSONAL |
| Nombre personal |
McEwan, Joseph, |
| Mención de responsabilidad |
il. |
| 700 12 - ASIENTO SECUNDARIO -- NOMBRE PERSONAL |
| Nombre personal |
McEwan, Joseph |
| 910 ## - VALIDACIÓN |
| Validación |
Validado. Control de calidad MFF |
| 942 ## - ADDED ENTRY ELEMENTS (KOHA) |
| Source of classification or shelving scheme |
Dewey Decimal Classification |
| Koha item type |
Libros |
| 945 ## - INFORMACIÓN DE PROCESAMIENTO LOCAL |
| Información de procesamiento local |
Inventariado, 2018 / BT |
| 956 ## - LOCAL ELECTRONIC LOCATION AND ACCESS (OCLC) |
| Nombre de host |
dgarcia |